书目信息 |
| 题名: |
建筑工程项目管理
|
|
| 作者: | 桑培东 , 亓霞 主编 | |
| 分册: | ||
| 出版信息: | 北京 中国电力出版社 2007.11 |
|
| 页数: | 295页 | |
| 开本: | 26cm | |
| 丛书名: | ||
| 单 册: | ||
| 中图分类: | TU71 | |
| 科图分类: | ||
| 主题词: | 建筑工程--jian zhu gong cheng--项目管理--高等学校--教材 | |
| 电子资源: | ||
| ISBN: | 978-7-5083-6103-1 | |
| 000 | 01187nam0 2200289 450 | |
| 001 | 012008331547 | |
| 005 | 20080114083141.82 | |
| 010 | @a978-7-5083-6103-1@dCNY29.80 | |
| 100 | @a20080114d2007 em y0chiy0120 ea | |
| 101 | 0 | @achi |
| 102 | @aCN@b110000 | |
| 105 | @aa a 000yy | |
| 106 | @ar | |
| 200 | 1 | @a建筑工程项目管理@Ajian zhu gong cheng xiang mu guan li@f桑培东, 亓霞主编@Fsang pei dong,qi xia zhu bian |
| 210 | @a北京@c中国电力出版社@d2007.11 | |
| 215 | @a295页@c图@d26cm | |
| 300 | @a普通高等教育十一五国家级规划教材(高职高专教育) | |
| 312 | @a英文并列题名取自封面。 | |
| 320 | @a有书目 (第295页)。 | |
| 330 | @a本书全面系统地阐述了建筑工程项目管理的内容体系及发展方向。主要内容包括:建筑工程项目管理概述、建筑工程项目管理组织、建筑工程项目合同与采购管理、建筑工程项目进度控制、建筑工程项目质量控制、建筑工程项目成本控制等。本书内容丰富,讲解通俗易懂,具有很强的实用性。 | |
| 510 | 1 | @aConstruction project management@zeng |
| 606 | 0 | @a建筑工程@Ajian zhu gong cheng@x项目管理@x高等学校@j教材 |
| 690 | @aTU71@v4 | |
| 701 | 0 | @a桑培东@Asang pei dong@4主编 |
| 701 | 0 | @a亓霞@Aqi xia@4主编 |
| 801 | 0 | @aCN@bQSSK@c20080114 |
| 905 | @b278523-25@dTU71@eS031@f3 | |
| 建筑工程项目管理/桑培东, 亓霞主编.-北京:中国电力出版社,2007.11 |
| 295页:图;26cm |
| 普通高等教育十一五国家级规划教材(高职高专教育) |
| ISBN 978-7-5083-6103-1:CNY29.80 |
| 本书全面系统地阐述了建筑工程项目管理的内容体系及发展方向。主要内容包括:建筑工程项目管理概述、建筑工程项目管理组织、建筑工程项目合同与采购管理、建筑工程项目进度控制、建筑工程项目质量控制、建筑工程项目成本控制等。本书内容丰富,讲解通俗易懂,具有很强的实用性。 |
| ● |
| 相关链接 |
|
|
|
正题名:建筑工程项目管理
索取号:TU71/S031
 
预约/预借
| 序号 | 登录号 | 条形码 | 馆藏地/架位号 | 状态 | 备注 |
| 1 | 278523 | 202785236 | 建筑库201/201建筑库 16排2列2层/ [索取号:TU71/S031] | 在馆 | |
| 2 | 278524 | 202785245 | 建筑库201/201建筑库 16排2列2层/ [索取号:TU71/S031] | 在馆 | |
| 3 | 278525 | 202785254 | 建筑库201/201建筑库 16排2列2层/ [索取号:TU71/S031] | 在馆 |